[Event "Poznan op-A"]
[Site "Poznan"]
[Date "2004.07.24"]
[Round "9"]
[White "Schmidt, Wlodzimierz"]
[Black "Stryjecki, Marek"]
[Result "1/2-1/2"]
[WhiteElo "2430"]
[BlackElo "2432"]
[PlyCount "21"]
[EventDate "2004.07.17"]
[EventType "swiss"]
[EventRounds "9"]
[EventCountry "POL"]
[SourceTitle "EXT 2008"]
[Source "ChessBase"]
[SourceDate "2007.11.25"]
[SourceVersion "1"]
[SourceVersionDate "2007.11.25"]
[SourceQuality "1"]

1. d4 d5 2. c4 e6 3. Nc3 c6 4. e3 f5 5. f4 Nf6 6. Nf3 Be7 7. Be2 0-0 8. 0-0 Ne4 9. Qc2 Bd7 10. Rb1 Be8 11. Ne5 1/2-1/2

[Event "Poznan op-A"]
[Site "Poznan"]
[Date "2004.07.22"]
[Round "7"]
[White "Andrejczuk, Beata"]
[Black "Stryjecki, Marek"]
[Result "0-1"]
[WhiteElo "2048"]
[BlackElo "2432"]
[PlyCount "128"]
[EventDate "2004.07.17"]
[EventType "swiss"]
[EventRounds "9"]
[EventCountry "POL"]
[SourceTitle "EXT 2008"]
[Source "ChessBase"]
[SourceDate "2007.11.25"]
[SourceVersion "1"]
[SourceVersionDate "2007.11.25"]
[SourceQuality "1"]

1. e4 g6 2. Nc3 Bg7 3. f4 c6 4. Nf3 d5 5. e5 h5 6. d4 Bg4 7. Be3 Nh6 8. Bd3 e6 9. h3 Bxf3 10. Qxf3 Nf5 11. Bf2 h4 12. 0-0-0 Nd7 13. Kb1 Bf8 14. Bxf5 gxf5 15. g4 hxg3 16. Qxg3 Rc8 17. Rdg1 a6 18. Qf3 c5 19. Rg5 Qa5 20. Rhg1 cxd4 21. Bxd4 Rc4 22. Bf2 Qb4 23. Ne2 Re4 24. c3 Qc4 25. Nd4 Nc5 26. R5g3 a5 27. b3 Qa6 28. a4 Kd7 29. Kc2 Rh4 30. Rg7 Rexf4 31. Rxf7+ Ke8 32. Rxf8+ Kxf8 33. Qg3 Qd3+ 34. Qxd3 Rxf2+ 35. Qd2 Rxd2+ 36. Kxd2 Rxh3 37. Rg6 Kf7 38. Rf6+ Ke7 39. Rg6 b6 40. Rg7+ Ke8 41. Rg8+ Kf7 42. Rb8 Ne4+ 43. Kc2 Rxc3+ 44. Kb2 Rc7 45. Rxb6 Nc5 46. Nc6 f4 47. Nd8+ Kg6 48. Nxe6 Nxe6 49. Rxe6+ Kf5 50. Re8 f3 51. e6 Ke4 52. Rf8 Re7 53. Rf6 Ke3 54. b4 axb4 55. a5 f2 56. a6 Ke2 57. Rf7 Rxf7 58. exf7 f1Q 59. a7 Qf6+ 60. Kb3 Qd8 61. Kxb4 d4 62. Kc5 d3 63. Kc6 d2 64. Kb7 d1Q 0-1

[Event "Poznan op-A"]
[Site "Poznan"]
[Date "2004.07.20"]
[Round "5"]
[White "Lubczynski, Rafal"]
[Black "Stryjecki, Marek"]
[Result "0-1"]
[WhiteElo "2114"]
[BlackElo "2432"]
[PlyCount "78"]
[EventDate "2004.07.17"]
[EventType "swiss"]
[EventRounds "9"]
[EventCountry "POL"]
[SourceTitle "EXT 2008"]
[Source "ChessBase"]
[SourceDate "2007.11.25"]
[SourceVersion "1"]
[SourceVersionDate "2007.11.25"]
[SourceQuality "1"]

1. d4 g6 2. c4 Bg7 3. Nc3 d6 4. e4 e5 5. dxe5 dxe5 6. Qxd8+ Kxd8 7. Be3 Nd7 8. 0-0-0 Bh6 9. Bxh6 Nxh6 10. Nf3 f6 11. Ne1 c6 12. Be2 Ke7 13. Nd3 Nf8 14. Rd2 Ne6 15. Rhd1 Rd8 16. Ne1 Rxd2 17. Rxd2 Nf7 18. Nc2 b6 19. b4 Bb7 20. f3 h5 21. Kb2 h4 22. Bf1 Nfg5 23. Rf2 Rd8 24. g3 hxg3 25. hxg3 Rh8 26. Ne3 Nf7 27. f4 Nd4 28. b5 Nd6 29. fxe5 fxe5 30. Ng4 Rh5 31. Nf6 Rh8 32. Ng4 Rh5 33. Nf6 Rh1 34. Ng4 Nf7 35. bxc6 Bxc6 36. Nd5+ Bxd5 37. cxd5 Rg1 38. Rf6 g5 39. Rg6 Rxf1 0-1

[Event "Internet Section 11B g/8'+2\""]
[Site "Dos Hermanas"]
[Date "2004.03.11"]
[Round "2"]
[White "Stryjecki, Marek"]
[Black "Bouchaud, Vincent"]
[Result "1-0"]
[WhiteElo "2430"]
[BlackElo "2192"]
[PlyCount "321"]
[EventDate "2004.03.11"]
[EventType "swiss (blitz)"]
[EventRounds "9"]
[EventCountry "ESP"]
[SourceTitle "EXT 2005"]
[Source "ChessBase"]
[SourceDate "2004.11.15"]
[SourceVersion "1"]
[SourceVersionDate "2004.11.15"]
[SourceQuality "1"]

1. c4 Nf6 2. Nc3 c6 3. e4 e5 4. Nf3 d6 5. d4 Nbd7 6. Bd3 Be7 7. 0-0 0-0 8. b3 Re8 9. Bb2 Bf8 10. Re1 g6 11. Ne2 Bg7 12. Ng3 Qc7 13. Qd2 a5 14. Rad1 Nf8 15. c5 exd4 16. cxd6 Qd8 17. e5 Ng4 18. Bxd4 Ne6 19. Bc3 Bh6 20. Qc2 Bg7 21. a4 Nf4 22. Bc4 Be6 23. h3 Nh6 24. Qd2 Nd5 25. Bb2 Nf5 26. Nxf5 gxf5 27. Nd4 Qh4 28. Bxd5 cxd5 29. Bc1 Bd7 30. Qf4 Qh5 31. Bd2 Bxe5 32. Qg5+ Qxg5 33. Bxg5 Bxd6 34. Bf6 Bb4 35. Re3 Rxe3 36. fxe3 Ra6 37. Be5 f6 38. Bf4 Kf7 39. Kf2 Bc3 40. Ne2 Be5 41. Rxd5 Be6 42. Rb5 b6 43. Ng3 Bd7 44. Rd5 Be6 45. Rd3 Ra7 46. Ke2 Rc7 47. Kd2 Ke7 48. Ne2 Rc5 49. Nd4 Bd7 50. Nf3 Bc6 51. h4 Be4 52. Nxe5 fxe5 53. Bg5+ Ke6 54. Rd8 Rc2+ 55. Kd1 Rxg2 56. Rb8 Kd5 57. Rxb6 Bd3 58. b4 axb4 59. Rxb4 Ra2 60. Kc1 Rc2+ 61. Kd1 Ra2 62. Kc1 Rc2+ 63. Kd1 Ra2 64. Ke1 h5 65. Bf6 Ke6 66. Bg5 Kd5 67. Bh6 Bc4 68. Bg5 Bd3 69. Bh6 Ra1+ 70. Kf2 Ra2+ 71. Kg3 Ra1 72. Kh2 Ra2+ 73. Kg3 Ra1 74. Bg5 Ra2 75. Bd8 Bc2 76. a5 Ra3 77. Kf2 Ra2 78. Kg3 Ra3 79. Bb6 Bd3 80. Rb2 Ke4 81. Kf2 Ra1 82. Rb4+ Kd5 83. Rb2 Ke4 84. Rb4+ Kd5 85. Kg3 Ra2 86. Rb3 Ke4 87. Rb4+ Kd5 88. Bc7 Ba6 89. Rb6 Bd3 90. Rd6+ Ke4 91. Re6 Kxe3 92. Rxe5+ Kd2 93. Kf4 Be4 94. Kg5 Kd3 95. Bb6 Rg2+ 96. Kxh5 Ra2 97. Kg5 Rg2+ 98. Kh6 Ra2 99. h5 f4 100. Kg7 f3 101. h6 Rh2 102. a6 Rg2+ 103. Kf7 f2 104. Bxf2 Rxf2+ 105. Kg7 Rg2+ 106. Kf7 Rh2 107. Kg7 Rg2+ 108. Kf8 Rh2 109. Kg7 Rg2+ 110. Kf7 Rh2 111. a7 Ba8 112. Kg6 Kd4 113. Rg5 Ra2 114. Rg4+ Be4+ 115. Rxe4+ Kxe4 116. h7 Rxa7 117. h8Q Ra6+ 118. Kg5 Ra5+ 119. Kg4 Re5 120. Qf6 Kd5 121. Kf4 Re4+ 122. Kf3 Re5 123. Qf7+ Kd6 124. Kf4 Re7 125. Qf8 Ke6 126. Qf5+ Kd6 127. Qf6+ Re6 128. Qf7 Re7 129. Qf8 Ke6 130. Kg5 Rf7 131. Qc8+ Rd7 132. Kg6 Kd6 133. Kf6 Rc7 134. Qb8 Kc6 135. Ke6 Rb7 136. Qa8 Kc7 137. Qa5+ Kc6 138. Qc3+ Kb6 139. Kd6 Ka6 140. Qa3+ Kb6 141. Qb4+ Ka6 142. Qa4+ Kb6 143. Qc6+ Ka7 144. Kc5 Kb8 145. Qe8+ Ka7 146. Qc8 Rh7 147. Qg8 Rb7 148. Qd8 Rh7 149. Qa5+ Kb8 150. Qb4+ Rb7 151. Qg4 Rc7+ 152. Kb6 Rb7+ 153. Kc6 Rc7+ 154. Kd6 Rb7 155. Qa4 Rb6+ 156. Kc5 Rb7 157. Qa5 Rc7+ 158. Kd6 Rb7 159. Kc6 Rh7 160. Qb4+ Kc8 161. Qf8# 1-0